عرض عادي
عرض مارك
- المحاسبة
مدخل مصطلح موضوعي
001 - رقم الضبط
- حقل الضبط: 3267
003 - معرف رقم الضبط
- حقل الضبط: OSt
005 - تاريخ ووقت أخر عملية
- حقل الضبط: 20110826102911.0
008 - عناصر بيانات ثابتة الطول
- حقل تحكم ثابت الطول: 110826|||a|||||| | ||| d
040 ## - مصدر الفهرسة
- هيئة الفهرسة الأصلية: OSt
- وكالة الكتابة: OSt
150 ## - مدخل-- مصطلح تاريخي
- عنصر مدخل المصطلح الموضوعي او الاسم الجغرافي: المحاسبة
- تفريع شكلي: معالجة البيانات
670 ## - بيانات المصدر موجوده
- الاستشهاد بالمصدر: Work cat.: (OSt): الرمحي، نضال محمود. 3103, تطبيقات محاسبية ومالية باستخدام الحاسوب :
